Sports Quiz

Random Sports or Baseball Quiz

MLB Manager Ejections Quiz Stats

Quiz not verified by Sporcle

Challenge
Share
Tweet
Embed
Score 0/5 Timer 05:00
0 Plays Today
Team Manager % Correct
Atlanta BravesBobby Cox
100%
Philadelphia PhilliesCharlie Manuel
85.1%
Minnesota TwinsRon Gardenhire
82.6%
San Francisco GiantsBruce Bochy
66.1%
Cleveland IndiansEric Wedge
58.7%

You're not logged in!

Compare scores with friends on all Sporcle quizzes.
Join for Free
OR
Log In

You Might Also Like...

Show Comments

Extras

Top Quizzes Today


Score Distribution

Your Account Isn't Verified!

In order to create a playlist on Sporcle, you need to verify the email address you used during registration. Go to your Sporcle Settings to finish the process.

Report this User

Report this user for behavior that violates our Community Guidelines.

Details: